Prediction on production, consumption, and trade of Chinese natural rubber in early 21st century (Record no. 65475)

MARC details
000 -LEADER
fixed length control field 00601nam a2200169Ia 4500
100 ## - MAIN ENTRY--AUTHOR NAME
Personal name Jusheng J
245 #0 - TITLE STATEMENT
Title Prediction on production, consumption, and trade of Chinese natural rubber in early 21st century
260 ## - PUBLICATION, DISTRIBUTION, ETC. (IMPRINT)
Name of publisher Proceedings : Indonesian Rubber Conference and IRRDB symposiun 2000 Indonesian Rubber Research Institute, Bogor, Indonesia, 12-14 September 2000.V.II. pp.373-384.
650 ## - SUBJECT ADDED ENTRY--TOPICAL TERM
Topical Term China
650 ## - SUBJECT ADDED ENTRY--TOPICAL TERM
Topical Term Consumption
650 ## - SUBJECT ADDED ENTRY--TOPICAL TERM
Topical Term Natural rubber
650 ## - SUBJECT ADDED ENTRY--TOPICAL TERM
Topical Term Production
650 ## - SUBJECT ADDED ENTRY--TOPICAL TERM
Topical Term Trade
700 ## - ADDED ENTRY--PERSONAL NAME
Personal name Zhongyu Z
942 ## - ADDED ENTRY ELEMENTS (KOHA)
Koha item type Journals
Holdings
Withdrawn status Lost status Damaged status Not for loan Home library Current library Shelving location Date acquired Koha item type
      Journals RRII Library RRII Library Agricultural economics 01/01/2021 Journals